| 000 | 00517nam a2200169 i 4500 | ||
|---|---|---|---|
| 001 | 22177 | ||
| 003 | ES-MaACL | ||
| 005 | 20230906152638.0 | ||
| 007 | t| | ||
| 008 | 030128s1904 sp ||||1| spa d | ||
| 100 | 1 |
_aMele, Eugenio. _979902 |
|
| 245 | 1 | 0 |
_aDos cancioneros españoles descritos / _cpor Eugenio Mele y Adolfo Bonilla y San Martín. |
| 260 |
_aMadrid : _b[s.n.], _c1904. |
||
| 700 | 1 |
_aBonilla y San Martín, Adolfo, _d1875-1926 _930193 |
|
| 852 |
_aES-MaACL _jT-1029-F-11 |
||
| 999 |
_c22177 _d22177 |
||